| 000 | 01014nam2a2200265 4500 | ||
|---|---|---|---|
| 001 | RU\NLR\bibl\55223 | ||
| 005 | 20250616085456.0 | ||
| 010 | _a5-300-01645-4 | ||
| 021 |
_aRU _b98-15295 _9724 |
||
| 035 | _a(NLR Aleph) 000053845 | ||
| 090 |
_a289930 _c289930 |
||
| 100 | _a19991027d1998 |||y0rusy50 ca | ||
| 101 | 1 |
_arus _ceng |
|
| 102 | _aRU | ||
| 105 | _ay ||||||||| | ||
| 200 | 1 |
_aЭдинбургская темница _e[Роман _fПер. с англ. З. Александровой, С. Мирлиной _gКоммент. Б. Колесникова] |
|
| 210 |
_d1998 _aБ. м. |
||
| 215 | _a619, [3] c. | ||
| 461 | 0 |
_1001RU\NLR\bibl\6040 _12001#$aСобрание сочинений$vТ. 6 _916985 _aСкотт, В. (1771-1832) _cМ. _d1997 _fВальтер Скотт _nТерра _oВ 20 т. _tСобрание сочинений _y5-300-01280-7 _vТ. 6 |
|
| 801 | 0 |
_aRU _bNLR _c19991027 _gPSBO |
|
| 801 | 1 |
_aRU _bNLR _c19991027 |
|
| 852 |
_aNLR _j97-3/10164 |
||
| 942 | _cBOOK | ||
| 980 | _aNB | ||